000 00525pab a2200181 454500
008 180718b2014 xxu||||| |||| 00| 0 eng d
100 _aAbendroth, Anja-Kristin
245 _aThe parity penalty in life course perspective: Motherhood and occupational status in 13 European countries
260 _c2014
300 _ap.993-1014
362 _aOct
650 _aOccupational status
700 _aTreas, Judith
700 _aHuffman, Matt L.
773 _aAmerican Sociological Review
908 _aN
909 _a106713
999 _c106708
_d106708